[Event "Terre degli Elimi op 7th"]
[Site "Erice"]
[Date "2016.07.31"]
[Round "4"]
[White "Mueller, Maximilian"]
[Black "Grandinetti, Pietro"]
[Result "1/2-1/2"]
[WhiteElo "2281"]
[BlackElo "2147"]
[PlyCount "45"]
[EventDate "2016.07.28"]
[EventType "swiss"]
[EventRounds "9"]
[EventCountry "ITA"]
[SourceTitle "EXT 2017"]
[Source "ChessBase"]
[SourceDate "2016.10.25"]
[SourceVersion "1"]
[SourceVersionDate "2016.10.25"]
[SourceQuality "1"]

1. e4 e5 2. Nf3 Nc6 3. Nc3 Nf6 4. a3 d5 5. Bb5 Nxe4 6. Qe2 Nxc3 7. Qxe5+ Qe7 8. dxc3 Bd7 9. Bxc6 Bxc6 10. Be3 Qxe5 11. Nxe5 Bd7 12. Nxd7 Kxd7 13. 0-0-0 Kc6 14. a4 Bc5 15. Bxc5 Kxc5 16. b4+ Kc6 17. Rd4 a5 18. b5+ Kc5 19. Rhd1 c6 20. Kb2 Rhe8 21. R1d2 Re7 22. c4 Rd8 23. Kc3 1/2-1/2

[Event "Terre degli Elimi op 7th"]
[Site "Erice"]
[Date "2016.07.30"]
[Round "3"]
[White "Grandinetti, Pietro"]
[Black "Gueci, Laura"]
[Result "1/2-1/2"]
[WhiteElo "2147"]
[BlackElo "1946"]
[PlyCount "56"]
[EventDate "2016.07.28"]
[EventType "swiss"]
[EventRounds "9"]
[EventCountry "ITA"]
[SourceTitle "EXT 2017"]
[Source "ChessBase"]
[SourceDate "2016.10.25"]
[SourceVersion "1"]
[SourceVersionDate "2016.10.25"]
[SourceQuality "1"]

1. e4 c5 2. Nf3 g6 3. d4 cxd4 4. Nxd4 Nc6 5. Nc3 Bg7 6. Be3 Nf6 7. Bc4 0-0 8. Bb3 d6 9. f3 Bd7 10. Qd2 Rc8 11. 0-0-0 Ne5 12. Kb1 Nc4 13. Bxc4 Rxc4 14. h4 h5 15. Nde2 b5 16. Bh6 Qc7 17. Bxg7 Kxg7 18. g4 Be6 19. Nf4 b4 20. Nb5 Qa5 21. Nd4 Bd7 22. Nf5+ Bxf5 23. gxf5 Rc6 24. fxg6 Ra6 25. Qg2 Qxa2+ 26. Kc1 Rg8 27. gxf7+ Kxf7 28. Qh3 Rc6 1/2-1/2

[Event "ITA-ch U20"]
[Site "Bratto"]
[Date "2008.08.28"]
[Round "7"]
[White "Grandinetti, Pietro"]
[Black "Dvirnyy, Danyyil"]
[Result "0-1"]
[WhiteElo "2011"]
[BlackElo "2358"]
[PlyCount "140"]
[EventDate "2008.08.22"]
[EventType "swiss"]
[EventRounds "9"]
[EventCountry "ITA"]
[SourceTitle "CBM 126 Extra"]
[Source "ChessBase"]
[SourceDate "2008.11.05"]
[SourceVersion "1"]
[SourceVersionDate "2008.11.05"]
[SourceQuality "1"]

1. d4 Nf6 2. Bg5 c5 3. d5 d6 4. Nc3 e6 5. e4 exd5 6. exd5 Be7 7. Nf3 0-0 8. Be2 Na6 9. 0-0 h6 10. Bh4 Nc7 11. a4 Re8 12. Re1 Rb8 13. h3 a6 14. a5 b5 15. axb6 Rxb6 16. Rb1 Bb7 17. Bc4 Qd7 18. Qd3 Ba8 19. b3 Nb5 20. Rbd1 Na3 21. Nd2 Nb5 22. Nf3 Rbb8 23. Ra1 Nxc3 24. Qxc3 Nxd5 25. Bxd5 Bxd5 26. Rxe7 Rxe7 27. Bxe7 Qxe7 28. Rxa6 Be4 29. Ra1 Qb7 30. Re1 Qc6 31. Re2 d5 32. Qe3 Ra8 33. c4 Ra1+ 34. Kh2 Qd6+ 35. g3 Qf6 36. Ne1 Qc6 37. f3 Bg6 38. Qe8+ Qxe8 39. Rxe8+ Kh7 40. cxd5 Rd1 41. Re3 Rxd5 42. Rc3 Bb1 43. Kg1 Kg6 44. Kf2 Kf6 45. Ke3 Ke5 46. f4+ Kd6 47. Nd3 f6 48. Nf2 h5 49. Ne4+ Kc6 50. b4 Bxe4 51. Kxe4 Rd4+ 52. Kf5 Rxb4 53. Kg6 Rb7 54. Kxh5 Kd5 55. g4 c4 56. g5 fxg5 57. fxg5 Rb3 58. Rc1 Rxh3+ 59. Kg6 Rg3 60. Rd1+ Kc6 61. Rd4 c3 62. Rc4+ Kd6 63. Rc8 Ke5 64. Rc5+ Kd4 65. Rc7 Rg1 66. Rxg7 c2 67. Rc7 c1Q 68. Rxc1 Rxc1 69. Kf7 Ke5 70. g6 Rc7+ 0-1

[Event "Siracusa op 2nd"]
[Site "Siracusa"]
[Date "2007.09.09"]
[Round "9"]
[White "Corsino, Gianluca"]
[Black "Grandinetti, Pietro"]
[Result "1/2-1/2"]
[WhiteElo "2004"]
[BlackElo "1726"]
[PlyCount "38"]
[EventDate "2007.09.02"]
[EventType "swiss"]
[EventRounds "9"]
[EventCountry "ITA"]
[SourceTitle "EXT 2010"]
[Source "ChessBase"]
[SourceDate "2010.11.25"]
[SourceVersion "1"]
[SourceVersionDate "2010.11.25"]
[SourceQuality "1"]

1. d4 c5 2. d5 g6 3. c4 e6 4. e4 exd5 5. exd5 d6 6. Nc3 Bg7 7. Nf3 Nf6 8. Bd3 0-0 9. 0-0 a6 10. h3 Nbd7 11. Bf4 Qc7 12. Re1 b6 13. Qd2 Bb7 14. a4 Rfe8 15. Rxe8+ Rxe8 16. Re1 Ne5 17. Nxe5 dxe5 18. Bh6 Qd7 19. Bxg7 Kxg7 1/2-1/2

[Event "Siracusa op 2nd"]
[Site "Siracusa"]
[Date "2007.09.07"]
[Round "7"]
[White "Grandinetti, Pietro"]
[Black "Bottino, Alexiei"]
[Result "1/2-1/2"]
[WhiteElo "1726"]
[BlackElo "2030"]
[PlyCount "74"]
[EventDate "2007.09.02"]
[EventType "swiss"]
[EventRounds "9"]
[EventCountry "ITA"]
[SourceTitle "EXT 2010"]
[Source "ChessBase"]
[SourceDate "2010.11.25"]
[SourceVersion "1"]
[SourceVersionDate "2010.11.25"]
[SourceQuality "1"]

1. e4 d5 2. exd5 Nf6 3. d4 Bg4 4. Be2 Bxe2 5. Nxe2 Nxd5 6. 0-0 e6 7. c4 Nb6 8. b3 Be7 9. Bb2 0-0 10. Nbc3 N8d7 11. Qc2 c5 12. Rad1 cxd4 13. Nxd4 Qc8 14. Rfe1 Re8 15. Re3 Nf8 16. Ne4 f5 17. Nd2 Bf6 18. N2f3 Nd5 19. Ree1 Nf4 20. Ne5 Qc5 21. Ndf3 Rad8 22. Rxd8 Rxd8 23. Rd1 Qa5 24. a3 Qc7 25. g3 N4g6 26. Rxd8 Qxd8 27. Qe2 Qd6 28. b4 b6 29. Nxg6 Nxg6 30. Bxf6 gxf6 31. Qc2 Ne7 32. Qa4 Nc6 33. Qb3 Kf7 34. Qe3 Kg7 35. Kg2 Kg6 36. Nh4+ Kg7 37. Nf3 Kg6 1/2-1/2

[Event "Siracusa op 2nd"]
[Site "Siracusa"]
[Date "2007.09.06"]
[Round "6"]
[White "Tondo, Salvatore"]
[Black "Grandinetti, Pietro"]
[Result "0-1"]
[WhiteElo "1915"]
[BlackElo "1726"]
[PlyCount "92"]
[EventDate "2007.09.02"]
[EventType "swiss"]
[EventRounds "9"]
[EventCountry "ITA"]
[SourceTitle "EXT 2010"]
[Source "ChessBase"]
[SourceDate "2010.11.25"]
[SourceVersion "1"]
[SourceVersionDate "2010.11.25"]
[SourceQuality "1"]

1. e4 c5 2. d4 cxd4 3. c3 d3 4. Bxd3 d6 5. c4 g6 6. Nc3 Bg7 7. Nge2 Nf6 8. 0-0 Nc6 9. Be3 0-0 10. f3 Bd7 11. Rc1 a6 12. b3 Rc8 13. Qd2 Re8 14. Nd5 Nxd5 15. exd5 Ne5 16. Bb1 b5 17. cxb5 Bxb5 18. Rxc8 Qxc8 19. Rc1 Qb7 20. Nd4 Rc8 21. Nxb5 axb5 22. Rxc8+ Qxc8 23. Qa5 h5 24. Qxb5 Qc3 25. Qe2 Qa1 26. Qc2 Nd7 27. Kf2 Nf6 28. Qd3 Qb2+ 29. Qc2 Qa1 30. Qd1 Nxd5 31. Qxd5 Qxb1 32. Qd2 Be5 33. f4 Bg7 34. Qe2 d5 35. Bc5 e6 36. b4 d4 37. Qd2 Qe4 38. a4 d3 39. a5 h4 40. a6 Bc3 41. Qe3 Qd5 42. a7 d2 43. Qe2 Kh7 44. Be3 d1Q 45. Qxd1 Qxd1 46. a8Q Be1+ 0-1

[Event "Calabria Province-ch"]
[Site "San Fili"]
[Date "2007.06.09"]
[Round "2"]
[White "Grandinetti, Pietro"]
[Black "Malta, Gaetano"]
[Result "1-0"]
[WhiteElo "1639"]
[BlackElo "1685"]
[PlyCount "125"]
[EventDate "2007.06.08"]
[EventType "swiss"]
[EventRounds "5"]
[EventCountry "ITA"]
[SourceTitle "EXT 2010"]
[Source "ChessBase"]
[SourceDate "2010.11.25"]
[SourceVersion "1"]
[SourceVersionDate "2010.11.25"]
[SourceQuality "1"]

1. e4 c5 2. Nf3 e6 3. d4 cxd4 4. Nxd4 a6 5. Nc3 Qc7 6. Be2 Nf6 7. 0-0 b5 8. Bf3 Bb7 9. a3 b4 10. axb4 Bxb4 11. e5 Ng8 12. Bxb7 Qxb7 13. Qg4 Ne7 14. Ne4 Ng6 15. c3 Be7 16. Re1 0-0 17. Qh5 Nc6 18. Nxc6 Qxc6 19. Bg5 f6 20. exf6 Bxf6 21. Bxf6 gxf6 22. Rad1 d5 23. Ng3 Ra7 24. Qe2 Re7 25. Nf5 exf5 26. Qf3 Rfe8 27. Rxe7 Rxe7 28. Qxf5 Qe6 29. Qxe6+ Rxe6 30. Kf1 Rd6 31. Ke2 Kf7 32. g3 Ke6 33. f4 Ne7 34. Kf3 Rb6 35. Rd2 Kd6 36. g4 Nc6 37. h4 Na5 38. b4 Nc4 39. Re2 Rb7 40. Ra2 Ra7 41. g5 a5 42. Kg4 a4 43. Kf5 fxg5 44. hxg5 Rf7+ 45. Kg4 a3 46. f5 Ke7 47. Re2+ Kd7 48. g6 hxg6 49. fxg6 Re7 50. Ra2 Ke6 51. Re2+ Kd7 52. Rf2 Re8 53. Kg5 Nd6 54. Kh6 Ke7 55. Kh7 a2 56. Rxa2 Nf5 57. Re2+ Kf8 58. Rxe8+ Kxe8 59. g7 Nxg7 60. Kxg7 Kd7 61. Kf7 Kc6 62. Ke6 Kb5 63. Kxd5 1-0

[Event "Praia op 1st"]
[Site "Praia a Mare"]
[Date "2007.04.06"]
[Round "3"]
[White "Cordi, Domenico"]
[Black "Grandinetti, Pietro"]
[Result "1-0"]
[WhiteElo "2084"]
[BlackElo "1639"]
[PlyCount "89"]
[EventDate "2007.04.05"]
[EventType "swiss"]
[EventRounds "5"]
[EventCountry "ITA"]
[SourceTitle "EXT 2023"]
[Source "ChessBase"]
[SourceDate "2022.10.05"]
[SourceVersion "1"]
[SourceVersionDate "2022.10.05"]
[SourceQuality "1"]

1. Nf3 Nf6 2. d4 g6 3. c4 Bg7 4. Nc3 0-0 5. e4 d6 6. Be2 e5 7. 0-0 Nc6 8. d5 Ne7 9. Ne1 Nd7 10. Be3 f5 11. f3 f4 12. Bf2 g5 13. Nd3 Ng6 14. c5 Nf6 15. Rc1 Rf7 16. b4 Bf8 17. Nb2 h5 18. Nc4 g4 19. cxd6 cxd6 20. Nb5 g3 21. hxg3 fxg3 22. Bxg3 h4 23. Bf2 Nh5 24. Kh2 Qg5 25. Rh1 Ngf4 26. Bf1 Ng3 27. Ncxd6 Rg7 28. Rg1 Bd7 29. Nc7 Rd8 30. Nxb7 Rb8 31. Nc5 Rxb4 32. N7e6 Bxe6 33. Nxe6 Nxe6 34. dxe6 Qf4 35. Kh3 Nxf1 36. Rxf1 Rg3+ 37. Kh2 Rg6+ 38. Kh1 Qg5 39. Rg1 Rb7 40. Qd5 Re7 41. Rc8 Qf4 42. Bc5 h3 43. Bxe7 hxg2+ 44. Rxg2 Qxf3 45. Rxf8+ 1-0

[Event "Praia op 1st"]
[Site "Praia a Mare"]
[Date "2007.04.06"]
[Round "2"]
[White "Grandinetti, Pietro"]
[Black "Gad, Ahmad"]
[Result "1-0"]
[WhiteElo "1639"]
[BlackElo "1784"]
[PlyCount "65"]
[EventDate "2007.04.05"]
[EventType "swiss"]
[EventRounds "5"]
[EventCountry "ITA"]
[SourceTitle "EXT 2023"]
[Source "ChessBase"]
[SourceDate "2022.10.05"]
[SourceVersion "1"]
[SourceVersionDate "2022.10.05"]
[SourceQuality "1"]

1. e4 c5 2. Nf3 d6 3. d4 cxd4 4. Nxd4 Nf6 5. Nc3 g6 6. Be3 Bg7 7. f3 Nc6 8. Qd2 0-0 9. Be2 Nxd4 10. Bxd4 Be6 11. 0-0 a6 12. Rfd1 Nd7 13. Bxg7 Kxg7 14. Kh1 b5 15. Nd5 Bxd5 16. exd5 Qb6 17. c3 Rfc8 18. Re1 Ra7 19. a4 bxa4 20. Rxa4 Nc5 21. Rh4 h5 22. Bd1 a5 23. g4 f6 24. gxh5 g5 25. Rh3 Kh6 26. b4 axb4 27. cxb4 Na6 28. f4 Qxb4 29. fxg5+ fxg5 30. Re6+ Kg7 31. Qxg5+ Kf8 32. Rf3+ Ke8 33. Rfe3 1-0

[Event "CS Province-ch"]
[Site "Amantea"]
[Date "2007.01.07"]
[Round "4"]
[White "Grandinetti, Pietro"]
[Black "Cannataro, Luciano"]
[Result "0-1"]
[WhiteElo "1600"]
[BlackElo "1876"]
[PlyCount "68"]
[EventDate "2007.01.05"]
[EventType "swiss"]
[EventRounds "5"]
[EventCountry "ITA"]
[SourceTitle "EXT 2010"]
[Source "ChessBase"]
[SourceDate "2010.11.25"]
[SourceVersion "1"]
[SourceVersionDate "2010.11.25"]
[SourceQuality "1"]

1. e4 c5 2. Nf3 d6 3. d4 cxd4 4. Nxd4 Nc6 5. Be3 a6 6. Bc4 Nf6 7. Nc3 e6 8. Bb3 Be7 9. 0-0 Bd7 10. a4 0-0 11. Kh1 Rc8 12. f4 Na5 13. Qd3 Nxb3 14. Nxb3 Ng4 15. Bg1 Bc6 16. Nd4 Bd7 17. a5 Rc5 18. Nb3 Rh5 19. Qf3 f5 20. exf5 exf5 21. Nd5 Bc6 22. Nd4 Bd7 23. Rae1 Bf6 24. h3 Bxd4 25. Bxd4 Bc6 26. Re7 Rf7 27. Rfe1 Qxa5 28. Rxf7 Qxe1+ 29. Bg1 Kxf7 30. c4 Nf6 31. Qd3 Bxd5 32. cxd5 Qe4 33. Qb3 Qxd5 34. Qxd5+ Nxd5 0-1

[Event "CS Province-ch"]
[Site "Amantea"]
[Date "2007.01.07"]
[Round "5"]
[White "Scerbo, Antonio"]
[Black "Grandinetti, Pietro"]
[Result "1-0"]
[WhiteElo "2117"]
[BlackElo "1600"]
[PlyCount "117"]
[EventDate "2007.01.05"]
[EventType "swiss"]
[EventRounds "5"]
[EventCountry "ITA"]
[SourceTitle "EXT 2010"]
[Source "ChessBase"]
[SourceDate "2010.11.25"]
[SourceVersion "1"]
[SourceVersionDate "2010.11.25"]
[SourceQuality "1"]

1. d4 Nf6 2. c4 g6 3. Nc3 Bg7 4. e4 d6 5. Nf3 0-0 6. h3 Na6 7. Be3 e5 8. d5 Bd7 9. Bd3 Qe8 10. 0-0 Nh5 11. Qd2 Nc5 12. b4 Nxd3 13. Qxd3 f5 14. Rac1 f4 15. Bd2 g5 16. Nxg5 Qg6 17. Ne6 Bxe6 18. dxe6 f3 19. g4 Nf4 20. Qxf3 Nxe6 21. Qg2 Nd4 22. Nd5 Rf7 23. f4 exf4 24. Rxf4 Raf8 25. Rcf1 c6 26. Rxf7 Rxf7 27. Nf4 Qf6 28. Nh5 Qxf1+ 29. Qxf1 Rxf1+ 30. Kxf1 Nf3 31. Bf4 Be5 32. Kf2 Nd4 33. Bxe5 dxe5 34. Nf6+ Kg7 35. Nd7 Ne6 36. Nxe5 Ng5 37. Ke3 Nxh3 38. Nf3 Kf6 39. a4 Ke6 40. a5 Kf6 41. b5 cxb5 42. cxb5 Ke6 43. a6 bxa6 44. bxa6 Kd6 45. e5+ Kd5 46. Nd4 Ng5 47. Nb5 Kc6 48. Nxa7+ Kb6 49. Nc8+ Kxa6 50. Kf4 Ne6+ 51. Kf5 Nd4+ 52. Kf6 Kb7 53. Nd6+ Kc6 54. Nf5 Nb5 55. e6 Nc7 56. e7 Kd7 57. Kf7 Ne8 58. g5 Nc7 59. Ng7 1-0